000 00544nam a2200157Ia 4500
008 230921s9999||||xx |||||||||||||| ||und||
020 _a978-3-319-89450-8
041 _aEN
100 _aChristopher T. Husbands
245 0 _aSociology at the London School of Economics and Political Science, 1904–2015
250 _a1st ed. 2019
260 _c2019
_bSpringer International Publishing
856 _uhttps://doi.org/10.1007/978-3-319-89450-8
856 _uhttps://link.springer.com/openurl?genre=book&isbn=978-3-319-89450-8
942 _cEB
999 _c258114
_d258114